|
|
|
|
| LEADER |
01197cam a22003371a 4500 |
| 001 |
000041282 |
| 003 |
17582 |
| 005 |
20230314100535.0 |
| 008 |
170424s2014 vm 000 eng |
| 040 |
|
|
|a LNN
|
| 041 |
|
|
|a eng
|
| 082 |
|
|
|a 428
|b LÊ-M
|
| 100 |
|
|
|a Lê Thị Mỹ
|
| 245 |
|
0 |
|a IMPROVING PERFORMANCE IN CAE STUDY FOR FOURTH - YEAR STUDENTS OF ENGLISH AT DANANG UNIVERSITY OF FOREIGN LANGUAGE STUDIES. /
|c Lê Thị Mỹ.
|
| 260 |
|
|
|a DHNN,
|c 2014.
|
| 300 |
|
|
|a 76tr . : ill ; 30cm.
|
| 650 |
|
|
|a IMPROVING PERFORMANCE IN CAE STUDY FOR FOURTH - YEAR STUDENTS .
|
| 852 |
|
|
|b P.Doc
|c Luận văn sinh viên
|
| OWN |
|
|
|a LNN
|
| AVA |
|
|
|a UDN50
|b LNN
|c English
|d 428 LÊ-M
|e available
|t Error 5001 Not defined in file expand_doc_bib_avail.
|f 2
|g 0
|h N
|i 0
|j AN
|k 1
|
| 999 |
|
|
|a From the UDN01
|
| AVA |
|
|
|a UDN50
|b LNN
|c English
|d 428 LÊ-M
|e available
|t Error 5001 Not defined in file expand_doc_bib_avail.
|f 2
|g 0
|h N
|i 0
|j AN
|k 1
|
| TYP |
|
|
|a Monograph
|
| TYP |
|
|
|a Printed language
|
| 980 |
|
|
|a Mạng thư viện Đại học Đà Nẵng
|